|
|
|
|
| LEADER |
00000nas a2200000 a 4500 |
| 001 |
ssj0038212 |
| 003 |
WaSeSS |
| 005 |
20200512172242.0 |
| 006 |
m d |
| 007 |
cr n |
| 008 |
870728c19869999oncqr s 0 a0eng |
| 010 |
|
|
|a cn 87030845
|
| 015 |
|
|
|a 870308459
|2 can
|
| 016 |
|
|
|a (AMICUS)000006921425
|
| 016 |
|
|
|a 870308459
|
| 022 |
|
|
|y 0832-7653
|
| 035 |
|
|
|a (WaSeSS)ssj0038212
|
| 040 |
|
|
|a NLC
|b eng
|c NLC
|d OCLCO
|d OCLCF
|d U3G
|d WaSeSS
|
| 042 |
|
|
|a nlc
|a isds/c
|
| 043 |
|
|
|a n-cn---
|a n-cn-on
|
| 055 |
0 |
1 |
|a KE539
|
| 082 |
0 |
|
|a 346.7101/5
|2 19
|
| 084 |
|
|
|a cci1icc
|2 lacc
|
| 100 |
1 |
|
|a Wolfson, Lorne H.
|q (Lorne Howard),
|d 1950-
|
| 210 |
0 |
|
|a Money fam. law
|
| 222 |
|
0 |
|a Money & family law
|
| 245 |
1 |
0 |
|a Money & family law
|h [electronic resource].
|
| 246 |
3 |
|
|a Money and family law
|
| 260 |
|
|
|a Don Mills, Ont. :
|b Richard De Boo,
|c c1986-
|
| 310 |
|
|
|a Quarterly,
|b May 2006-
|
| 321 |
|
|
|a Monthly,
|b Sept. 1986-19-- or 200-
|
| 321 |
|
|
|a Irregular,
|b 19-- or 200--2006
|
| 362 |
0 |
|
|a Vol. 1, no. 1 (Sept. 1986)-
|
| 500 |
|
|
|a Title from caption.
|
| 500 |
|
|
|a Issued in binder.
|
| 500 |
|
|
|a Some issues accompanied by a CD-ROM.
|
| 500 |
|
|
|a Published: Carswell, 200--.
|
| 506 |
|
|
|a License restrictions may limit access.
|
| 515 |
|
|
|a Pagination begins with p. 1 in each vol.
|
| 525 |
|
|
|a Supplements accompany some no.
|
| 550 |
|
|
|a Prepared by Lorne H. Wolfson and Barry S. Corbin.
|
| 610 |
1 |
0 |
|a Ontario.
|t Family Law Act, 1986
|x Economic aspects
|x Periodicals.
|
| 610 |
1 |
6 |
|a Ontario.
|t Loi de 1986 sur le droit de la famille
|x Aspect économique
|x Périodiques.
|
| 630 |
0 |
7 |
|a Family Law Act, 1986 (Ontario)
|2 fast
|0 (OCoLC)fst01372429
|
| 650 |
|
0 |
|a Equitable distribution of marital property
|x Economic aspects
|z Canada
|x Periodicals.
|
| 650 |
|
0 |
|a Finance, Personal
|z Canada
|x Periodicals.
|
| 650 |
|
0 |
|a Business enterprises
|z Canada
|x Finance
|x Periodicals.
|
| 650 |
|
6 |
|a Partage des biens communs
|x Aspect économique
|z Canada
|x Périodiques.
|
| 650 |
|
6 |
|a Finances personnelles
|z Canada
|x Périodiques.
|
| 650 |
|
6 |
|a Entreprises
|z Canada
|x Finances
|x Périodiques.
|
| 650 |
|
7 |
|a Business enterprises
|x Finance.
|2 fast
|0 (OCoLC)fst00842558
|
| 650 |
|
7 |
|a Economics.
|2 fast
|0 (OCoLC)fst00902116
|
| 650 |
|
7 |
|a Finance, Personal.
|2 fast
|0 (OCoLC)fst00924449
|
| 651 |
|
7 |
|a Canada.
|2 fast
|0 (OCoLC)fst01204310
|
| 655 |
|
0 |
|a Electronic journals.
|
| 700 |
1 |
|
|a Corbin, Barry S.
|
| 710 |
2 |
|
|a Richard De Boo Publishers.
|
| 856 |
4 |
0 |
|z Full text available from Research Library: 05/01/2005 to present
|u https://search.proquest.com/publication/29019
|